01586nam a2200265 u 450000100100000000500170001000800410002704000250006808200270009324500680012025000110018826000910019930000280029050400740031850506500039265000360104265100430107870000280112170000180114970000380116770000290120570000250123470000290125971000320128800001701420260305073950.0100312s1997 dr a r 000 0 spa d aDO-SdBNPbspacBNPHU a306.097293bE59s, 199700aEnsayos sobre cultura dominicana /cBernardo Vega ... [et al.]. a5a ed. aSanto Domingo :bFundación Cultural Dominicana;bMuseo del Hombre Dominicano,c1997. a255 p. :bil. ;c23 cm. aIncluye referencias bibliográficas y notas al pie de las páginas.0 aPresentación -- La herencia indígena en la cultura dominicana de hoy por / Bernardo Vega -- Comentarios a la conferencia ¨La herencia indígena en la cultura dominicana hoy¨ por / Marcio Veloz Maggiolo -- Herencia española en la cultura dominicana hoy por / Carlos Dobal -- La herencia africana en la cultura dominicana actual por / Carlos Esteban Deive -- El hato y el conuco : contexto para el surgimiento de la cultura criolla por / Rubén Silié -- Las inmigraciones y su aporte a la cultura dominicana (Finales de siglo XIX y principios del XX) por / José del Castillo -- Modernización y cambios en la República Dominicana. 4aCulturazRepública Dominicana 4aRepública DominicanaxCivilización12aVega, Bernardo,d1938 -12aDobal, Carlos12aDeive, Carlos Esteban,d1935-20191 aSilié, Rubén,d1946-12aCastillo, José del12aMoya Pons, Frank,d1944-2 aMuseo del Hombre Dominicano